Customary law and women : (Record no. 65149)

MARC details
000 -LEADER
fixed length control field 00563nam a22001577a 4500
005 - DATE AND TIME OF LATEST TRANSACTION
control field 20120417151649.0
020 ## - INTERNATIONAL STANDARD BOOK NUMBER
International Standard Book Number 8187498862
Terms of availability 275.00
035 ## - SYSTEM CONTROL NUMBER
System control number B-120170
037 ## - SOURCE OF ACQUISITION
Stock number DPL
Source of stock number/acquisition ENG
100 ## - MAIN ENTRY--PERSONAL NAME
Personal name Vitso, Adino
245 ## - TITLE STATEMENT
Title Customary law and women :
Remainder of title The chakhesang Nagas /
Statement of responsibility, etc by Adino Vitso
260 ## - PUBLICATION, DISTRIBUTION, ETC. (IMPRINT)
Place of publication, distribution, etc New Delhi
Name of publisher, distributor, etc Regency Publications
Date of publication, distribution, etc 2003
300 ## - PHYSICAL DESCRIPTION
Extent vii, 106p.
Dimensions 20 cms.
942 ## - ADDED ENTRY ELEMENTS (KOHA)
Source of classification or shelving scheme Dewey Decimal Classification
Item type English Books
Classification part 305.4
Call number suffix VIT
Holdings
Withdrawn status Lost status Not for loan Collection code Home library Current library Date acquired Cost, normal purchase price Full call number Barcode Cost, replacement price Koha item type
      Non-fiction Sarojini Nagar Sarojini Nagar 17/04/2012 275.00 305.4 VIT B-120170 275.00 English Books

© Delhi Public Library
Hit Counter
free hit counter